000 00427nam a2200133Ia 4500
008 151001s9999||||xx |||||||||||||| ||und||
100 _aमहादेव गोविंद शास्त्री
245 _aकोलंबसाचा वृत्तांत
250 _a1
260 _b"समन्वय प्रकाशन, कोल्हापूर"
260 _c2013
300 _a176
365 _b21
999 _c1000277
_d1000274